000
00179 a2200085 4500
245
_a
TILL DEATH DO US PART
_h
Text
100
_a
CAROLYN KEENE
650
_a
literature
005
20191017172155.0
084
_a
NONE
999
_c
8533
_d
8533